| 000 | 00621nam a22001937a 4500 | ||
|---|---|---|---|
| 999 |
_c16904 _d16904 |
||
| 003 | AR-CdUCM | ||
| 008 | 190506b ||||| |||| 00| 0 spa d | ||
| 040 |
_aMUNICIPALIDAD PROVINCIAL DEL CUSCO _cBIBLIOTECA MUNICIPAL DEL CUSCO |
||
| 082 |
_a869.56 / _bC77 |
||
| 100 |
_aCorcuera, Marco Antonio _915311 |
||
| 245 | _aEl poeta espera respuestas / | ||
| 260 |
_aPerú _bImproffset _c1988. |
||
| 300 |
_a53 páginas ; _c22 cm. |
||
| 505 | _aContenido : Breve informe de un indiscreto -- A Livio Gomez -- Poemas. | ||
| 650 |
_aPoemas _9929 |
||
| 710 |
_aConcytec _92809 |
||
| 942 |
_2ddc _cLIBROS |
||
| 945 |
_arah _d06/05/2019 |
||